000 00410 a2200157 4500
001 153297
040 _cEscola São Tomás de Aquino
100 _aCAVALCANTI, Lailson de Holanda
240 1 0 _aPindorama
_lpor
245 1 0 _aPindorama
300 _a185
362 0 _a2004
440 1 _aCompanhia Editora Nacional
697 _aCaricaturas, desenho animado, cômico, fotonovelas / Quadrinhos
942 _cBK
999 _c153297
_d153297